000 00933aam a2200289 a 4500
999 _c389584
_d389584
003 BLK
005 20250326091832.0
008 180718b bul||||| |||| 00| 0 bul d
020 _a9786191612314
040 _aBLK
041 _aBUL
_cBUL
080 _aНорвежка литература
_b821.113.5
_z821.113.5-312.4
_x-312.4
100 _aЕнгер, Томас
_eпърви автор
_91299
139 _aЕнгер, Томас
_bЕ 62
245 _aЗло наследство
_bРоман
_cТомас Енгер; прев. от норв. Ясна Мускова.
257 _aNOR
260 _bПерсей
_c2020
_aСофия
300 _a319 с.
_c20 см
380 _aX
700 _91105
_aМускова, Ясна
_eпрев. от норв.
942 _cKNG
_2udc
_n0
_083
_s1
999 _d389584
999 _d322932
999 _d322932
999 _d322932
944 _k30576
_lЦветомила Тодорова